01278nab a2200193 i 4500001001000000003001000010005001700020008004100037040004100078041000800119100004300127245011100170300006200281520047700343546002300820630005600843650002100899773016400920768714001CO-MdFUSB20230607120118.0220912s2006 ag ||||| |||| 00| 0 eng d bspacCO-MdFUSBdCO-MdFUSBaCO-MdFUSB aeng aSteuernagel, Valdir Raul, ‎ eautor1 aChristian social responsibility todayb: reflections on the Lausanne Covenantc/ Valdir Raúl Steuernagel aVolumen 1, número 1 (2006), páginas 26 - 41 c; 20 cm aEl teólogo brasilero Valdir Steuernagel pronunció un poderoso discurso en el Congreso de Lausana para la Evangelización Mundial, que tuvo lugar en Pattaya, Tailandia, a finales del 2004. Copiamos aquí su presentación, que nos invita a escuchar al profeta Miqueas y nos desafía a vivir justamente en un mundo injusto, amar fervientemente en un mundo inmisericorde, y caminar humildemente en un mundo (y una iglesia) marcados por la arrogancia y el exclusivismo. aTexto en Inglés 07aBiblia.pMiqueasxCrítica, interpretación, etc. 0aEvangelización0 049416d Santiago de ChileoR1699tJournal of Latin American Theology :w(CO-MdFUSB)118x1669-8949gVolumen 1, número 1 (2006), páginas 26 - 41qpágina 26